[Event "Penang op 7th"]
[Site "Penang"]
[Date "2015.12.10"]
[Round "6"]
[White "Chan, Kim Yew"]
[Black "Hamid, Hairul Abdul"]
[Result "1-0"]
[WhiteElo "1777"]
[BlackElo "1883"]
[PlyCount "75"]
[EventDate "2015.12.07"]
[EventType "swiss"]
[EventRounds "9"]
[EventCountry "MAS"]
[SourceTitle "CBM 169 Extra"]
[Source "ChessBase"]
[SourceDate "2015.12.18"]
[SourceVersion "1"]
[SourceVersionDate "2015.12.18"]
[SourceQuality "1"]

1. d4 Nf6 2. Nf3 c5 3. d5 e6 4. c4 b5 5. dxe6 fxe6 6. cxb5 a6 7. e3 Be7 8. Nc3 0-0 9. Be2 axb5 10. Bxb5 d5 11. 0-0 Ba6 12. Bxa6 Nxa6 13. b3 Nb4 14. Bb2 Qb6 15. Qe2 Rfb8 16. a4 Nc6 17. Nb5 Na7 18. Be5 Rb7 19. Nxa7 Raxa7 20. Nd2 Nd7 21. Bc3 e5 22. e4 d4 23. Bb2 Bg5 24. Nf3 Bh6 25. Qc4+ Kf8 26. Ba3 Rc7 27. Ne1 Rab7 28. Rb1 Qg6 29. Nd3 Qxe4 30. Nxc5 Nxc5 31. Bxc5+ Rxc5 32. Qxc5+ Kf7 33. Rfe1 Be3 34. fxe3 Rd7 35. exd4 Qg4 36. Rf1+ Kg6 37. Qxe5 Rxd4 38. Qg3 1-0

[Event "Penang op 7th"]
[Site "Penang"]
[Date "2015.12.08"]
[Round "2"]
[White "Greenwood, Martin"]
[Black "Hamid, Hairul Abdul"]
[Result "0-1"]
[WhiteElo "1564"]
[BlackElo "1883"]
[PlyCount "60"]
[EventDate "2015.12.07"]
[EventType "swiss"]
[EventRounds "9"]
[EventCountry "MAS"]
[SourceTitle "CBM 169 Extra"]
[Source "ChessBase"]
[SourceDate "2015.12.18"]
[SourceVersion "1"]
[SourceVersionDate "2015.12.18"]
[SourceQuality "1"]

1. e4 c5 2. Nf3 d6 3. Bb5+ Bd7 4. Bxd7+ Qxd7 5. 0-0 g6 6. c3 Bg7 7. d4 Nf6 8. Qe2 0-0 9. Rd1 Qc6 10. e5 dxe5 11. Nxe5 Qc7 12. dxc5 Qxc5 13. Nd3 Qh5 14. Qxh5 Nxh5 15. Na3 Nc6 16. Be3 b6 17. Nb5 Rad8 18. Nf4 Nxf4 19. Bxf4 e5 20. Be3 f6 21. Kf1 Kf7 22. Ke2 Ke7 23. Nxa7 Nxa7 24. Bxb6 Rxd1 25. Bc5+ Rd6 26. Rd1 Nc8 27. Bxd6+ Nxd6 28. Kd3 Rd8 29. Kc2 Nc4 30. Rxd8 Kxd8 0-1

[Event "Penang op-B 6th"]
[Site "Penang"]
[Date "2014.12.11"]
[Round "6"]
[White "Chua, Jing Yuan Cyril"]
[Black "Hamid, Hairul Abdul"]
[Result "0-1"]
[WhiteElo "1609"]
[BlackElo "1657"]
[PlyCount "60"]
[EventDate "2014.12.08"]
[EventType "swiss"]
[EventRounds "9"]
[EventCountry "MAS"]
[SourceTitle "EXT 2016"]
[Source "ChessBase"]
[SourceDate "2015.10.08"]
[SourceVersion "1"]
[SourceVersionDate "2015.10.08"]
[SourceQuality "1"]

1. e4 c5 2. Nf3 d6 3. Bb5+ Bd7 4. Bxd7+ Qxd7 5. 0-0 Nf6 6. Re1 g6 7. e5 dxe5 8. Rxe5 b6 9. Re1 Nc6 10. Nc3 Bg7 11. d3 0-0 12. Bf4 Rfe8 13. Qd2 Nd4 14. Ne5 Qf5 15. Bg3 Rad8 16. Ne2 Nh5 17. Nxd4 Rxd4 18. Nf3 Rd5 19. Rab1 Nxg3 20. hxg3 c4 21. Red1 cxd3 22. cxd3 Red8 23. Ne1 e5 24. Qe2 Qd7 25. b4 Qa4 26. Rb2 Rd4 27. Rdb1 Qb5 28. a3 e4 29. Rd1 Qa4 30. Qc2 Qd7 0-1